Teoría y problemas de variable compleja

Bibliographic Details
Main Author: Spiegel, Murray R
Format: Section = Libro
Language:Undetermined
Spanish
Published: México McGraw-Hill 1991
Subjects:
LEADER 00480nam a2200181Ia 4500
008 240830s9999 xx 000 0 und d
020 |a 968-451-103-5 
040 |a CEDOC FIQ-RUSB / 515.9 S755 
041 |a spa 
082 |a 515.9 S755 
100 1 |a Spiegel, Murray R 
245 1 0 |a Teoría y problemas de variable compleja 
260 |a México  |b McGraw-Hill  |c 1991 
300 |a 318 p. : il 
650 7 |a FUNCIONES DE VARIABLE COMPLEJA 
942 |c BK  |2 ddc 
991 |a TEXTO 
999 |c 13442